| 000 | 00365nam a22001457a 4500 | ||
|---|---|---|---|
| 005 | 20171003101922.0 | ||
| 008 | 171003b xxu||||| |||| 00| 0 eng d | ||
| 040 | _cPK-LaUMT | ||
| 082 |
_aPKAC 320.95491 _bYAS-C |
||
| 100 | _aYaseen Rizavi | ||
| 245 |
_aCharge Sheet/ _cYaseen Rizavi |
||
| 260 |
_aاسلام آباد: _b[ ] _c1988 |
||
| 300 | _a120 ص | ||
| 942 | _cBK | ||
| 999 |
_c98723 _d98723 |
||